| 000 | 00544nam a22001697a 4500 | ||
|---|---|---|---|
| 005 | 20231206083818.0 | ||
| 008 | 231206b |||||||| |||| 00| 0 eng d | ||
| 020 | _a040901995 X | ||
| 041 | _aEnglish / Afrikaans | ||
| 082 | _a346.6 CLO | ||
| 100 |
_aCilliers, HS et al. _lEnglish / Afrikaans |
||
| 245 |
_aClose Corporations Service / _cHS Cilliers et al. |
||
| 260 |
_aDurban : _bButterworth Publishers (Pty) Ltd, _c1990 |
||
| 300 |
_bxxiv, _c26 cm. |
||
| 650 |
_aLegal practice _bLaw |
||
| 942 |
_cBK _6ALISON_BN_VRIES |
||
| 999 |
_c1139 _d1139 |
||